000 00332 a2200121 4500
001 67351
040 _cAnchieta - Pituba
100 _aVavatzanids, Karin
240 1 0 _aMit erfolg zu fit in deutsch 1
_ldeu / ger
245 1 0 _aMit erfolg zu fit in deutsch 1
650 4 _aLínguas germânicas (teutônicas) língua alemã
942 _cMU
999 _c67351
_d67351